Geografia Europy na literę B #2 - Statystyki

Ogólne statystyki
  • Ten quiz został rozwiązany 195 razy
  • Średni wynik to 10 z 20
Statystyki odpowiedzi
Wskazówka Odpowiedź % Poprawnych
Miasto podzielone przez mur do 1989 r. Berlin
98%
Stolice, przez które przepływa Dunaj Budapeszt
90%
Państwo to graniczy m.in. z Turcją oraz Grecją Bułgaria
86%
Stolice, przez które przepływa Dunaj Bratysława
84%
Miasto w północnych Włoszech, w którym leży najstarszy uniwersytet na świecie Bolonia
63%
Stolice, przez które przepływa Dunaj Belgrad
62%
Drugie największe miasto Wielkiej Brytanii Birmingham
62%
Polski park narodowy lężacy na granicy polsko-bialoruskiej Biebrzański
57%
Grupa etnicza zamieszkująca północną Hiszpanię oraz niektóre części Francji Baskowie
53%
Grupa wysp, w których leży m.in. Majorka Baleary
52%
Rezydencja brytyjskich monarchów Buckingham
49%
Historyczny region Francji, który dzieli nazwę z francuskim serem Brie
30%
Duże miasto, które leży w okolicach trójstyku Szwajcarii, Niemiec oraz Francji Bazylea
28%
Największe miasto regionu Apulia Bari
26%
Belgijskie miasto z kanałami - głównyośrodek handlowy w średniowieczu Brugia
24%
Słynny moskiewski teatr Teatr {Bolszoj}
23%
Brytyjskie miasto uzdrowiskowe założone przez Rzymian Bath
22%
Cieśnina położona między duńskimi wyspami Ærø i Fionią Mały {Bełt}
21%
Największe miasto w historycznej prowincji Ulster Belfast
17%
Włoski region graniczący z Morzem Tyrreńskim oraz Jońskim Basilicata
4%
Nie znaleziono quizów pasujących do podanych kryteriów
Rozkład punktacji
Procent ludzi z każdym wynikiem
Percentyl według liczby udzielonych odpowiedzi
Twoja historia wyników
Nie rozwiązałeś tego quizu